000 005410000a22001090004500
100 1 _aJunca, Humberto
245 1 0 _aLa cocina de la pintura
300 _aVol.0, núm.0 (2007), Páginas 18-19
520 _aEl arte y la comida están estrechamente relacionados: no solo en la apasionante y extraña historia de los bodegones flamencos del siglo XVI, sino en la esencia misma de lo que supone mezclar pigmentos para plasmar color sobre lienzos. He aquí un panorama del tema.
773 0 _tArcadia / Andrés Felipe Solano, Editor
942 _cANA
999 _c62317
_d62317